000 00710nam a22002657a 4500
001 29716
003 UA-OsUOA
005 20201122224400.0
007 ta
008 20041025b un ||||| |||| 00| 0 ukr d
040 _aUA-OsUOA
_bukr
_cUA-OsUOA
_dUA-OsUOA
041 _aukr
044 _aUA
080 _a82.09(477)
090 _a82.09(477)
_bК61
100 _aКоломійченко М.
245 _aУ колі друзів
_bнарис
260 _aКиїв
_bДніпро
_c1982
300 _a109 с.
_bІлюстрації
650 7 _2UDC
700 _aГорленко В.
942 _cBK
_2udc
955 _a0
999 _c316113
_d316113